<?xml version="1.0" encoding="UTF-8"?>
<marc:record xmlns:marc="http://www.loc.gov/MARC21/slim">
   <marc:leader>00000nam a2200000 a 4500</marc:leader>
   <marc:datafield ind1="1" ind2=" " tag="100">
      <marc:subfield code="a">Bötig, Klaus</marc:subfield>
      <marc:subfield code="4">aut</marc:subfield>
      <marc:subfield code="e">Verfasser/-in</marc:subfield>
   </marc:datafield>
   <marc:datafield ind1="1" ind2=" " tag="100">
      <marc:subfield code="a">Sternberg, Christiane</marc:subfield>
      <marc:subfield code="4">aut</marc:subfield>
      <marc:subfield code="e">Verfasser/-in</marc:subfield>
   </marc:datafield>
   <marc:datafield ind1=" " ind2=" " tag="653">
      <marc:subfield code="a">Zypern</marc:subfield>
   </marc:datafield>
   <marc:datafield ind1=" " ind2=" " tag="653">
      <marc:subfield code="a">Reiseführer</marc:subfield>
   </marc:datafield>
   <marc:datafield ind1=" " ind2=" " tag="653">
      <marc:subfield code="a">Griechische Insel</marc:subfield>
   </marc:datafield>
   <marc:datafield ind1=" " ind2=" " tag="653">
      <marc:subfield code="a">Nord-Zypern</marc:subfield>
   </marc:datafield>
   <marc:datafield ind1=" " ind2=" " tag="653">
      <marc:subfield code="a">Nikosia</marc:subfield>
   </marc:datafield>
   <marc:datafield ind1=" " ind2=" " tag="653">
      <marc:subfield code="a">Softcover / Reiseführer/Europa</marc:subfield>
   </marc:datafield>
   <marc:datafield ind1=" " ind2=" " tag="653">
      <marc:subfield code="a">Führer</marc:subfield>
   </marc:datafield>
   <marc:datafield ind1="0" ind2="0" tag="245">
      <marc:subfield code="a">Zypern</marc:subfield>
   </marc:datafield>
   <marc:datafield ind1="0" ind2="0" tag="245">
      <marc:subfield code="c">Klaus Bötig ; Christiane Sternberg</marc:subfield>
   </marc:datafield>
   <marc:datafield ind1=" " ind2="1" tag="264">
      <marc:subfield code="a">München</marc:subfield>
      <marc:subfield code="b">Travel-House-Media</marc:subfield>
      <marc:subfield code="c">2014</marc:subfield>
   </marc:datafield>
   <marc:datafield ind1="1" ind2=" " tag="490">
      <marc:subfield code="a">Merian-Momente</marc:subfield>
   </marc:datafield>
   <marc:datafield ind1=" " ind2=" " tag="250">
      <marc:subfield code="a">1. Aufl.</marc:subfield>
   </marc:datafield>
   <marc:datafield ind1="1" ind2=" " tag="520">
      <marc:subfield code="a">Angaben aus der Verlagsmeldung

Zypern : MERIAN live! - Mit Extra-Karte zum Herausnehmen / von Klaus Bötig

Lange weiße Sandstrände und türkisblaues Meer, einsame Wälder und Gebirgslandschaften, duftende Zitrusplantagen, lauschige Weingärten und wüstenhafte Salzseen: Zypern hat viele Gesichter. Natur und Küche der drittgrößten Insel im Mittelmeer sind ebenso interessant wie ihre 9000-jährige Geschichte und ihre großartigen Kulturdenkmäler.
Mit MERIAN live! das Besondere erleben:
MERIAN TopTen: Die Höhepunkte der Insel auf einen Blick - NEU ENTDECKT: Schneller Überblick über die angesagtesten Locations - MERIAN MOMENTE - Das kleine Glück auf Reisen: Tipps für die kleinen, ganz persönlichen Auszeiten im Urlaub - MIT ALLEN SINNEN - Zypern spüren &amp; erleben: Für unvergessliche Erlebnisse - GRÜNER REISEN: Empfehlungen für den umweltbewussten Urlaub.

MERIAN live! bietet: fundierte Beschreibungen aller wichtigen Orte und Strände sowie Sehenswürdigkeiten und Ausflugsziele, sorgfältig ausgewählte Hotel- und Restaurantempfehlungen, Kultur-, Ausgeh- und Shoppingadressen, Stadtpläne von Nicosia, Lárnaca, Limassol und Páphos zur leichten Orientierung sowie eine Extra-Faltkarte zum Herausnehmen.
</marc:subfield>
   </marc:datafield>
   <marc:datafield ind1=" " ind2=" " tag="020">
      <marc:subfield code="a">9783834217059</marc:subfield>
      <marc:subfield code="9">9783834217059</marc:subfield>
   </marc:datafield>
   <marc:datafield ind1=" " ind2=" " tag="020">
      <marc:subfield code="a">3834217050</marc:subfield>
      <marc:subfield code="9">3834217050</marc:subfield>
   </marc:datafield>
   <marc:datafield ind1=" " ind2=" " tag="041">
      <marc:subfield code="a">ger</marc:subfield>
   </marc:datafield>
   <marc:datafield ind1=" " ind2=" " tag="300">
      <marc:subfield code="a">159 S.</marc:subfield>
   </marc:datafield>
</marc:record>
